Jetpunk's Quizzers' Names - Statistics

General Stats
  • This quiz has been taken 27 times
  • The average score is 11 of 25
Answer Stats
quizzer % Correct
Jerry{928}
77%
scambi{gol}
77%
Quiz{master}
73%
reless{ness}
73%
Stew{art}
73%
kalbaha{mut}
64%
kiwi{rage}
59%
KoljiVri{Voda}
59%
Wolf{Cam}
59%
Geo{guy}
55%
Jiao{zira}
55%
Gassu{69}
45%
Quizzer{6794}
45%
Third{Party}
45%
CB{Temple}
41%
Matt{punk}
41%
sku{kka}
41%
cosmo{kim}
36%
Kv{kq}
27%
Gamer{1162}
23%
L{BA}
23%
mark{johan}
18%
buck{1017}
14%
kat{sudk}
14%
mac{212121}
9%
No matching quizzes found
Score Distribution
Percent of People with Each Score
Percentile by Number Answered
Your Score History
You have not taken this quiz